Pokémon Trivia - Grass Type - Statistics

General Stats
  • This quiz has been taken 14 times
  • The average score is 6 of 10
Answer Stats
Question Answer % Correct
Which of the following is true about the Grass type? All of the above are true
80%
What types are resisted by Grass? Bug, Dragon, Fire, Grass, Flying, Poison, Steel
80%
What is the Grass type weak to? Bug, Fire, Flying, Ice, Poison
80%
What is the strongest Grass move with a set base power? (Non Z-Move) Frenzy Plant
80%
Which of these abilities is not exclusively on Grass type Pokémon? Sap Sipper
80%
Which type is most commonly paired with Grass? Poison
60%
Which stone can Grass types NOT use to evolve in the games? All of them can be used to evolve certain Pokémon
40%
Which of these items powers up Grass type moves? Both Rose Incense and Miracle Seed
40%
Which Generation introduced the least amount of Grass types? Generation 6
40%
Grassy Terrain has many effects. Which of these is NOT one of them? Pokémon are protected from priority moves
40%
No matching quizzes found
Score Distribution
Percent of People with Each Score
Percentile by Number Answered
Your Score History
You have not taken this quiz